Panduan biokimia : suatu edisi baru daripada panduan biokimia oleh K. Harrison

Bibliographic Details
Main Authors: Yudkin, Michael (Author), Offord, Robin (Author)
Format: Book
Published: Kuala Lumpur : Dewan Bahasa dan Pustaka , 1979
Subjects:

MARC

LEADER 00000cam a2200000 7i4500
001 0000003571
005 20210722093000.0
008 021118s1979
050 0 0 |a QP514.2   |b .Y824 
060 1 0 |a QU 4   |b Y94p 1979 
090 0 0 |a QU 4   |b Y94p 1979 
100 1 |a Yudkin, Michael ,   |e author 
245 0 0 |a Panduan biokimia :   |b suatu edisi baru daripada panduan biokimia oleh K. Harrison   |c oleh Michael Yudkin dan Robin Offord 
260 2 |a Kuala Lumpur :   |b Dewan Bahasa dan Pustaka ,   |c 1979 
300 |a 218 p. ;   |c 22 cm. 
650 0 |a Biochemistry 
650 1 2 |a Biochemistry 
700 1 |a Offord, Robin ,   |e author 
999 |a 1000032746   |b Book   |c OPEN SHELF (30 DAYS)   |e Medical Campus 
999 |a 1000032747   |b Book   |c OPEN SHELF (30 DAYS)   |e Medical Campus